Tautiška giesmė (Anthem of Lithuania) Lyrics Quiz - Statistics

General Stats
  • This quiz has been taken 164 times
  • The average score is 33 of 42
Answer Stats
Answers % Correct
Lietuva
100%
Te
95%
Mūs
93%
mūsų
92%
Tėvyne
91%
didvyrių
89%
89%
Tavo
89%
žeme
89%
Tu
88%
vaikai
85%
eina
84%
praeities
84%
Tegul
84%
stiprybę
82%
dorybės
81%
Lietuvos
81%
sūnūs
81%
Vien
81%
Ir
80%
ir
80%
semia
80%
takais
80%
saulė
79%
naudai
75%
žmonių
75%
dirba
73%
šviesa
73%
tos
72%
Vardan
72%
gėrybei
71%
Tamsumus
71%
Lietuvoj
70%
prašalina
70%
tiesa
70%
meilė
65%
širdyse
65%
telydi
63%
Dega
60%
žingsnius
60%
težydi
59%
Vienybė
56%
No matching quizzes found
Score Distribution
Percent of People with Each Score
Percentile by Number Answered
Your Score History
You have not taken this quiz